00579 2200205 4500001002100000005001500021035002000036007000300056008004100059082000800100084001400108100002300122245008900145250001000234260005300244300003000297650001200327700002100339990001300360INLIS00000000000059120230110072258 a0010-0123000058ta230110 g 0 ind  a330 a330 THO m0 aThomas F. Dernburg1 aMakro- Ekonomi :bKonsep teori dan kebijakan /cThomas F. Dernburg, Karyaman Muchtar aCet.7 aJakarta :bPT. Penerbit Erlangga Mahameru,c1986 a520 hlm. :bIlus ;c24 cm 4aEkonomi0 aKaryaman Muchtar a07190719